Contexto y desarrollo social
Guardado en:
| Autor principal: | |
|---|---|
| Formato: | Libro |
| Lenguaje: | español |
| Publicado: |
Madrid
Sintesis
1999
|
| Edición: | 1a. ed |
| Colección: | Psicología Evolutiva y de la Educación
|
| Materias: | |
| Etiquetas: |
Agregar Etiqueta
Sin Etiquetas, Sea el primero en etiquetar este registro!
|
MARC
| LEADER | 00000nam a2200000 a 4500 | ||
|---|---|---|---|
| 001 | UCH1363 | ||
| 003 | CL-VaPUC | ||
| 008 | 090427e19990000SP |||||||||||||||||spa|d | ||
| 020 | |a 8477382522 | ||
| 082 | 0 | 4 | |a 303.44 |b ROD |2 21 |
| 100 | 0 | |a Rodrigo, María José |e author |9 535825 | |
| 245 | 1 | 0 | |a Contexto y desarrollo social |
| 250 | |a 1a. ed | ||
| 300 | |a 474 p | ||
| 942 | |c BK | ||
| 945 | |d 20090427 00:00:00 |a rbrito | ||
| 260 | |a Madrid |b Sintesis |c 1999 | ||
| 650 | 0 | |a Desarrollo social |9 264534 | |
| 650 | 0 | |a Comportamiento social |9 334200 | |
| 650 | 0 | |a Cambio social |9 256857 | |
| 650 | 0 | |a Familias |9 255641 | |
| 583 | |a last modification |c 20090427 00:00:00 |k Rodrigo Vera | ||
| 490 | 0 | |a Psicología Evolutiva y de la Educación | |
| 999 | |c 333414 |d 333412 | ||
| 952 | |0 0 |1 0 |4 0 |6 303_440000000000000_ROD_1999 |7 0 |8 A |9 421777 |a BIBGIM |b BIBGIM |d 2019-11-22 |i 4540247 |o 303.44 ROD 1999 |p 4540247 |r 2025-01-15 |w 2019-11-22 |y BK |k SSL | ||
| 952 | |0 0 |1 0 |4 0 |6 303_440000000000000_ROD_1999 |7 0 |8 A |9 421778 |a BIBEDU |b BIBEDU |d 2019-11-22 |i 4563654 |o 303.44 ROD 1999 |p 4563654 |r 2019-11-22 |w 2019-11-22 |y BK |k PAR | ||